000 01443nam a22003737a 4500
001 12009640
003 OSt
005 20210426112250.0
008 000516s2000 mdub b 001 0 eng
010 _a 00040302
020 _a0742500624 (alk. paper)
020 _a0742500632 (pbk. : alk. paper)
040 _aDLC
_cDLC
_dDLC
042 _apcc
043 _aak-----
050 0 0 _aHD9576.C372
_bE53 2000
080 _a33
_bE-14
082 0 0 _a333.8/23/09475
_221
100 _9698
_aEbel,Robert
_eeditor
245 0 0 _aEnergy and conflict in Central Asia and the Caucasus /
_cedited by Robert Ebel and Rajan Menon.
260 _aLanham, MD :
_bRowman & Littlefield Publishers,
_cc2000.
300 _aviii, 267 p. :
_b2 maps ;
_c23 cm.
504 _aIncludes bibliographical references and index.
650 0 _aPetroleum industry and trade
_zCaspian Sea Region.
650 0 _aPetroleum industry and trade
_xPolitical aspects
_zCaspian Sea Region.
650 0 _aGas industry
_zCaspian Sea Region.
650 0 _aGas industry
_xPolitical aspects
_zCaspian Sea Region.
653 _aეკონომიკა
700 1 _aEbel, Robert E.
700 1 _aMenon, Rajan,
_d1953-
906 _a7
_bcbc
_corignew
_d1
_eocip
_f20
_gy-gencatlg
942 _2udc
_cBK
999 _c971
_d971